| 000 | 00529nam a2200181Ia 4500 | ||
|---|---|---|---|
| 008 | 090123s9999 xx 000 0 und d | ||
| 082 |
_b36882 _a891.463/कडू |
||
| 100 | _aकडू मोहन | ||
| 245 | _aआपुलाचि वाद | ||
| 250 | _a1 | ||
| 260 |
_bसाकेत प्रकाशन _c2004 |
||
| 300 | _a152 | ||
| 600 | _aकडू मोहन | ||
| 630 | _aआपुलाचि वाद | ||
| 700 | _aकडू मोहन | ||
| 730 | _aआपुलाचि वाद | ||
| 942 | _cBOOK | ||
| 999 |
_c74950 _d74950 |
||